Bolivia : Staff Report for the 2012 Article IV Consultation.

Well-balanced macroeconomic policies, accompanied by an improvement in terms of trade during recent years, have allowed Bolivia to achieve very positive macroeconomic results. The 2012 Article IV Consultation highlights that the outlook for 2012 is favorable and short-term downside risks are managea...

Täydet tiedot

Bibliografiset tiedot
Yhteisötekijä: International Monetary Fund
Aineistotyyppi: Aikakauslehti
Kieli:English
Julkaistu: Washington, D.C. : International Monetary Fund, 2012.
Sarja:IMF Staff Country Reports; Country Report ; No. 2012/149
Linkit:Full text available on IMF
LEADER 01593cas a2200241 a 4500
001 AALejournalIMF011938
008 230101c9999 xx r poo 0 0eng d
020 |c 5.00 USD 
020 |z 9781475504538 
022 |a 1934-7685 
040 |a BD-DhAAL  |c BD-DhAAL 
110 2 |a International Monetary Fund. 
245 1 0 |a Bolivia :   |b Staff Report for the 2012 Article IV Consultation. 
264 1 |a Washington, D.C. :  |b International Monetary Fund,  |c 2012. 
300 |a 1 online resource (68 pages) 
490 1 |a IMF Staff Country Reports 
500 |a <strong>Off-Campus Access:</strong> No User ID or Password Required 
500 |a <strong>On-Campus Access:</strong> No User ID or Password Required 
506 |a Electronic access restricted to authorized BRAC University faculty, staff and students 
520 3 |a Well-balanced macroeconomic policies, accompanied by an improvement in terms of trade during recent years, have allowed Bolivia to achieve very positive macroeconomic results. The 2012 Article IV Consultation highlights that the outlook for 2012 is favorable and short-term downside risks are manageable. Real gross domestic product (GDP) is expected to continue growing at a fast pace, reflecting still high terms of trade and mildly expansionary policies. The external current account and the fiscal balance are expected to remain in surplus. 
538 |a Mode of access: Internet 
830 0 |a IMF Staff Country Reports; Country Report ;  |v No. 2012/149 
856 4 0 |z Full text available on IMF  |u http://elibrary.imf.org/view/journals/002/2012/149/002.2012.issue-149-en.xml  |z IMF e-Library